Within the perfection of Christ : (Record no. 3165)
[ view plain ]
| 000 -LEADER | |
|---|---|
| fixed length control field | 01174cam a2200301 a 4500 |
| 001 - CONTROL NUMBER | |
| control field | 1039329 |
| 003 - CONTROL NUMBER IDENTIFIER | |
| control field | GBCCL |
| 005 - DATE AND TIME OF LATEST TRANSACTION | |
| control field | 20241126110448.0 |
| 008 - FIXED-LENGTH DATA ELEMENTS--GENERAL INFORMATION | |
| fixed length control field | 891219s1990 inua b 010 0 eng |
| 010 ## - | |
| -- | 89082575 |
| 020 ## - INTERNATIONAL STANDARD BOOK NUMBER | |
| International Standard Book Number | 0916035379 |
| 040 ## - CATALOGING SOURCE | |
| Original cataloging agency | DLC |
| Transcribing agency | DLC |
| 050 00 - | |
| -- | BT736.4 |
| -- | .W546 1990 |
| 082 00 - DEWEY DECIMAL CLASSIFICATION NUMBER | |
| Classification number | 261.873 |
| Edition information | 20 |
| Item number | WIT |
| 245 00 - TITLE STATEMENT | |
| Title | Within the perfection of Christ : |
| Remainder of title | essays on peace and the nature of the church : in honor of Martin H. Schrag / |
| Statement of responsibility, etc. | edited by Terry L. Brensinger, E. Morris Sider. |
| 260 ## - PUBLICATION, DISTRIBUTION, ETC. | |
| Place of publication, distribution, etc. | Nappanee, Ind. : |
| Name of publisher, distributor, etc. | Evangel Press ; |
| Place of publication, distribution, etc. | Grantham, Penn. : |
| Name of publisher, distributor, etc. | Brethren in Christ Historical Society, |
| Date of publication, distribution, etc. | c1990. |
| 300 ## - PHYSICAL DESCRIPTION | |
| Extent | vi, 266 p. : |
| Other physical details | ill. ; |
| Dimensions | 23 cm. |
| 504 ## - BIBLIOGRAPHY, ETC. NOTE | |
| Bibliography, etc. note | Includes bibliographic references. |
| 610 20 - SUBJECT ADDED ENTRY--CORPORATE NAME | |
| Corporate name or jurisdiction name as entry element | Brethren in Christ Church |
| General subdivision | Doctrines. |
| 9 (RLIN) | 6515 |
| 650 #0 - SUBJECT ADDED ENTRY--TOPICAL TERM | |
| Topical term or geographic name entry element | Peace |
| General subdivision | Religious aspects |
| -- | Brethren in Christ Church. |
| 9 (RLIN) | 6516 |
| 650 #0 - SUBJECT ADDED ENTRY--TOPICAL TERM | |
| Topical term or geographic name entry element | Anabaptists |
| General subdivision | Doctrines. |
| 9 (RLIN) | 6517 |
| 700 1# - ADDED ENTRY--PERSONAL NAME | |
| Personal name | Brensinger, Terry L. |
| 9 (RLIN) | 6518 |
| 700 1# - ADDED ENTRY--PERSONAL NAME | |
| Personal name | Sider, E. Morris. |
| 9 (RLIN) | 6519 |
| 700 1# - ADDED ENTRY--PERSONAL NAME | |
| Personal name | Schrag, Martin H. |
| 9 (RLIN) | 6520 |
| 906 ## - LOCAL DATA ELEMENT F, LDF (RLIN) | |
| a | 7 |
| b | cbc |
| c | orignew |
| d | 3 |
| e | opcn |
| f | 19 |
| g | y-gencatlg |
| 942 ## - ADDED ENTRY ELEMENTS (KOHA) | |
| Source of classification or shelving scheme | Dewey Decimal Classification |
| Koha item type | Books |
| Withdrawn status | Lost status | Source of classification or shelving scheme | Damaged status | Not for loan | Home library | Current Library | Shelving location | Date acquired | Total checkouts | Full call number | Barcode | Date last seen | Copy number | Price effective from | Koha item type |
|---|---|---|---|---|---|---|---|---|---|---|---|---|---|---|---|
| Dewey Decimal Classification | GRACE BIBLE COLLEGE | GRACE BIBLE COLLEGE | Ministry & Mission | 2017-11-13 | 261.873 WIT | 006833 | 2025-05-01 | c.1 | 2017-11-13 | Books |